LEADER 01099nam a2200253 i 4500 001 000000152375 003 CaOOAMICUS 005 20060804000000.0 008 060804s1959 it u000 u ita u 013 $a129716 040 $aSeMil$bita 100 1 $aBacchelli, Riccardo,$d<1891-1985>.$0(OLS)http://semarc/name/1548 245 10$aViaggio in Grecia /$cRiccardo Bacchelli ; con un ritratto dell'Autore di Pio Semeghini. 260 $aMilano ; Napoli :$bRiccardo Ricciardi,$cstampa 1959. 300 $a79 p., [1] c. di tav. ;$c19 cm. 500 $aIn preliminari : Dedica autografa dell'Autore. - Fondo Card. Giovanni Colombo. 650 4$aGrecia - Descrizione e viaggi.$0(OLS)http://semarc/subject/6293 700 1 $aSemeghini, Pio.$0(OLS)http://semarc/name/59775 850 $aSeMil 852 $aSeMil$W1$xVenegono$y1$m1D II 138$j104334$B104334$CSeMilBibl$Z2$F113389 $81 941 1 $a3 961 $aLascito: Colombo Card. Giovanni 996 $6245$aViaggio in Grecia$9(OLS)http://semarc/title/222793 996 $6260$aMilano ; Napoli :$bRiccardo Ricciardi$9(OLS)http://semarc/publisher/34184 LEADER 00771nam a2200193 i 4500 001 000000251844 003 CaOOAMICUS 005 20161205000000.0 008 161205s1784 it u000 u ita u 013 $a230749 026 $aa,ta a.i- n-do scgi (3) 1784 (R) 040 $aSeMil$bita 245 10$aTomo 2. 300 $aXV, [1], 479, [1] p., [3] carte di tav. ripieg. 500 $aSegn. : *8 A-2G8. 773 0 $aCarli, Gian Rinaldo <1720-1795>$tDelle opere del signor commendatore don Gianrinaldo conte Carli... Tomo 1. [-19.].$dMilano : Nell'Imperial Monistero di S. Ambrogio Maggiore, 1784-1794.$g2$w()4284 850 $aSeMil 852 $aSeMil$W1$xVenegono$y1$m3N II 2 FA$j202190$B202190$CSeMilBibl$Z2$F214863 $8I 996 $6245$aTomo 2$9(OLS)http://semarc/title/49331